000 00223nam a2200097Ia 4500
100 _aChandralekha K
245 0 _aSamyojitha rubberkrishi
260 _bRubber, 661(June): 17-19.
_c2021
650 _aRubber krishi
942 _cJS
999 _c68401
_d68401